00698cam a22002174a 4500008004100000020002200041100002200063245005300085250001200138260004900150300003400199490005700233504004200290500002000332650003400352650004800386700001900434003000100453005001700454040000900471  a0130332712 (hbk.)1 aKeegan, Warren J.10aGlobal marketing management /cWarren J. Keegan. a7th ed. aUpper Saddle River :bPrentice Hall,cc2002. axxv, 617 p. :bill. ;c27 cm. aThe Prentice Hall International Series in Marketing. aIncludes bibliographical references.  aIncludes index. 0aExport marketingxManagement. 0aExport marketingxManagementvCase studies.1 aGreen, Mark C.20230123125039.0 cNUST